Art history and its methods : (Record no. 5842)

MARC details
000 -LEADER
fixed length control field 01424cam a2200397 a 4500
001 - CONTROL NUMBER
control field 683770
003 - CONTROL NUMBER IDENTIFIER
control field OSt
005 - DATE AND TIME OF LATEST TRANSACTION
control field 20260429162840.0
008 - FIXED-LENGTH DATA ELEMENTS--GENERAL INFORMATION
fixed length control field 951006r19961995enka b 001 0 eng d
010 ## - LIBRARY OF CONGRESS CONTROL NUMBER
LC control number 95212088
015 ## - NATIONAL BIBLIOGRAPHY NUMBER
National bibliography number GB96-21349
020 ## - INTERNATIONAL STANDARD BOOK NUMBER
International Standard Book Number 0714829919
020 ## - INTERNATIONAL STANDARD BOOK NUMBER
International Standard Book Number 9780714829913
035 ## - SYSTEM CONTROL NUMBER
System control number 683770
035 ## - SYSTEM CONTROL NUMBER
System control number (OCoLC)33273103
040 ## - CATALOGING SOURCE
Original cataloging agency RPD
Transcribing agency Foundation University
042 ## - AUTHENTICATION CODE
Authentication code lccopycat
050 00 - LIBRARY OF CONGRESS CALL NUMBER
Classification number N 7480
Item number F47 1995
245 00 - TITLE STATEMENT
Title Art history and its methods :
Remainder of title a critical anthology /
Statement of responsibility, etc. selection and commentary by Eric Fernie.
260 ## - PUBLICATION, DISTRIBUTION, ETC.
Place of publication, distribution, etc. London :
Name of publisher, distributor, etc. Phaidon Press Ltd.,
Date of publication, distribution, etc. 1995
Date of manufacture (1996[printing])
264 ## - PRODUCTION, PUBLICATION, DISTRIBUTION, MANUFACTURE, AND COPYRIGHT NOTICE
Copyright Date 1995
300 ## - PHYSICAL DESCRIPTION
Extent 384 p. :
Other physical details ill. ;
Dimensions 23 cm.
Materials specified books
Type of unit books
336 ## - CONTENT TYPE
Content type term text
Content type code txt
Source rdacontent
Materials specified books
337 ## - MEDIA TYPE
Media type term unmediated
Media type code n
Source rdamedia
Materials specified books
338 ## - CARRIER TYPE
Carrier type term volume
Carrier type code nc
Source rdacarrier
Materials specified books
504 ## - BIBLIOGRAPHY, ETC. NOTE
Bibliography, etc. note Includes bibliographical references (p. 369) and index.
650 #0 - SUBJECT ADDED ENTRY--TOPICAL TERM
Topical term or geographic name entry element Art
General subdivision Study and teaching.
9 (RLIN) 15779
650 #0 - SUBJECT ADDED ENTRY--TOPICAL TERM
Topical term or geographic name entry element Art
General subdivision History.
9 (RLIN) 11088
650 #0 - SUBJECT ADDED ENTRY--TOPICAL TERM
Topical term or geographic name entry element Art
General subdivision Methodology.
9 (RLIN) 15780
653 0# - INDEX TERM--UNCONTROLLED
Uncontrolled term Visual arts
700 1# - ADDED ENTRY--PERSONAL NAME
Personal name Fernie, Eric,
Dates associated with a name 1939-
9 (RLIN) 15781
906 ## - LOCAL DATA ELEMENT F, LDF (RLIN)
a 7
b cbc
c copycat
d 2
e ncip
f 19
g y-gencatlg
942 ## - ADDED ENTRY ELEMENTS (KOHA)
Source of classification or shelving scheme Library of Congress Classification
Koha item type Books
Classification part N 7480
Item part .1995 F47
Call number prefix (DAFA-FA)
Holdings
Withdrawn status Lost status Source of classification or shelving scheme Damaged status Not for loan Collection code Home library Current library Shelving location Date acquired Source of acquisition Total Checkouts Full call number Barcode Date last seen Price effective from Koha item type Accession Number
    Library of Congress Classification     Non-fiction Foundation University Library Foundation University Library DoArchitecture & Fine Arts 04/29/2026 Donations   (DAFA-FA) N 7480 .1995 F47 0192026003335 04/29/2026 04/29/2026 Books DAFA-2026335